The Pizza Quiz - Statistics

General Stats
  • This quiz has been taken 451 times
  • The average score is 7 of 8
Answer Stats
Question Answer % Correct
What's the most common shape for a pizza? Circular
94%
And how is it best enjoyed? Eat it with your hands!
92%
What description best matches the crust used for pizza? Made from dough, baked until golden brown, soft enough to be folded but firm enough to be held
92%
How should tomato sauce be applied to the crust? Evenly spread around under a layer of cheese
89%
Should there be any additional toppings? Absolutely! As you like it - pepperoni is a perennial favorite, but all sorts of meats and vegetables, piled high, are also acceptable
83%
And the cheese? Grated or shredded cheese spread evenly over the entire surface, melted, as a foundation upon which other toppings are placed
83%
It's ready to serve! How should the the pizza be cut? Into many triangular pieces, usually between 4-12 depending on the size of the pie
83%
What's your pizza look like?
44%
No matching quizzes found
Score Distribution
Percent of People with Each Score
Percentile by Number Answered
Your Score History
You have not taken this quiz